000 00696nam a2200265Ia 4500
005 20260302120026.0
008 008 260114s9999 xx 000 0 eng d
020 _a9798400683411
037 _aTextbook
040 _aCRL
040 _beng
040 _cCRL
041 _2eng
041 _aeng
084 _qCRL
100 _aJaclyn Schildkraut
_91123400
245 0 _aMass Shootings in America Understanding the Debates, Causes, and Responses
260 _bABC-CLIO
260 _bBloomsbury
260 _c2018
650 _aLaw
856 _uhttps://doi.org/10.5040/9798400683411?locatt=label:secondary_bloomsburyCollections
942 _cEBOOK
999 _c1688301
_d1688301